{"text_format":"3","workbook":"xlsx","n_sheets":6,"sheets":["Consolidated P & L","Rak Op Stock","Cl Stock RAK","Cl Stock MTL-FUJ","Sheet3","Petty Cash Fuel RAK "],"not_rendered":{"defined_names":232},"read":"whole","date_system":"1900"}

{"sheet":"Consolidated P & L","index":0,"n_rows":123,"n_cols":4,"rows_kept":123,"merged":[[1,1,1,2]]}
[]
[null,"ABC food LLC"]
[]
[null,"LOCATION","TOTAL"]
[null,"Income"]
[null,"Location 01"]
[null,"Location 02"]
[null,"Location 03"]
[null,"Location 04"]
[null,"Total REVENUE",{"$f":"ROUND(SUM(C6:C9),0)","v":{"v":0,"d":"0.00"}}]
[null,"Total Income",{"$f":"C10","v":{"v":0,"d":"0.00"}}]
[null,null,{"v":1,"d":"100.00%"}]
[null,"Commissions "]
[null,"Thrid Party Commissions 5% of sales",{"$f":"C11*5/100","v":{"v":0,"d":"0.00"}},"you can change the % if any or just remove if no commision"]
[]
[null,"Total Comission on Sales Expense",{"$f":"C14","v":{"v":0,"d":"0.00"}}]
[]
[]
[null,"Net Sales after commissions and charges",{"$f":"C11-C16","v":0}]
[]
[null,"Cost of Goods Sold",{"v":0,"d":"0.00"}]
[null,"Direct Expenses"]
[null,"Gas Expense for all locations"]
[null,"Vehicle Fuel Expense"]
[null,"Sweet Water Charges"]
[null,"Vehicle Hiring"]
[null,"Laoding unloading expenses"]
[null,"Cost of Goods Sold - Raw Material & Packaging"]
[null,"Total COGS",{"$f":"SUM(C21:C28)","v":{"v":0,"d":"0.00"}}]
[null,"COGS %"]
[null,"Foood Cost Only"]
[null,"Gross Profit",{"$f":"C19-C29","v":{"v":0,"d":"0.00"}}]
[null,"GP Margin"]
[]
[null,"Expense - Compensation & Benefits"]
[null,"Staff Salary Location 01"]
[null,"Staff Salary Location 02"]
[null,"Staff Salary Location 03"]
[null,"Staff Salary Location 04"]
[null,"Head Office Staff Salary"]
[null,"Gratuity"]
[null,"Leave Salaries"]
[null,"Air Tickets"]
[null,"Medical Expenses"]
[null,"Total Salary Expenses ",{"$f":"SUM(C36:C44)","v":{"v":0,"d":"0.00"}}]
[]
[null,"Head Office Expenses"]
[null,"Drinking Water"]
[null,"Party"]
[null,"Charity"]
[null,"Office Stationary"]
[null,"Office Supplies"]
[null,"Total Office Expenses",{"$f":"SUM(C48:C52)","v":{"v":0,"d":"0.00"}}]
[]
[null,"Office / Kitchen Equipments"]
[null,"Electric Fixtures and Items"]
[null,"Kitchen Items"]
[null,"General Accessories expense - Other"]
[null,"Kitchen Maintnance"]
[null,"Uniform To Workers"]
[null,"Total Office / Kitchen Equipments",{"$f":"SUM(C56:C60)","v":{"v":0,"d":"0.00"}}]
[]
[null,"Drainage & Communication Expenses"]
[null,"Drainage (Grease Trap Cleaning etc.)"]
[null,"Utility For all locations"]
[null,"Telephone/internet Expense all loations"]
[null,"Mobile expecnese for staff/managers"]
[null,"Total Communication Expenses",{"$f":"SUM(C64:C67)","v":{"v":0,"d":"0.00"}}]
[]
[null,"Rent Expenses/Utility Expenses"]
[null,"Accomodation Utility bill All"]
[null,"Rect Accomodaions for all locations"]
[null,"Shop rents fro all locations"]
[null,"Machinery rents like Printers, PC etc."]
[]
[null,"Total Rent Expense",{"$f":"SUM(C71:C75)","v":{"v":0,"d":"0.00"}}]
[null,"Insurance Expense"]
[null,"All Vehicles "]
[null,"Locations business inssurances"]
[]
[null,"Total Insurance Expense",{"$f":"SUM(C79:C80)","v":{"v":0,"d":"0.00"}}]
[null,"Legal,Professional & Immigration Expenses"]
[null,"Accounts & Auditing Fees"]
[null,"Photos"]
[null,"Trade license & Legal expense"]
[null,"Visa Cost Monthly"]
[null,"Total Professional & Immigration Expenses",{"$f":"SUM(C83:C86)","v":{"v":0,"d":"0.00"}}]
[]
[null,"Repair & Maintenance Expense- Vehicles"]
[null,"All vehicles repair "]
[null,"Total Vehicle Maintanace and Repairs",{"$f":"SUM(C90:C90)","v":{"v":0,"d":"0.00"}}]
[]
[null,"Advertisement & Social Media Expenses"]
[null,"Sign Board"]
[null,"Advertisement and publicity Exp"]
[null,"Total Advertisement & Social Media Exp.",{"$f":"SUM(C94:C95)","v":{"v":0,"d":"0.00"}}]
[]
[null,"Miscellaneous Expenses"]
[null,"General Expenses"]
[null,"Kitchen Items"]
[null,"Kitchen Utility Fine"]
[null,"IT & Software Expenses"]
[null,"Accomodation Expenses"]
[null,"Delivery Charges - Other"]
[null,"Total Miscellaneous Expenses",{"$f":"SUM(C99:C104)","v":{"v":0,"d":"0.00"}}]
[]
[]
[null,"Expense - Financial Charges"]
[null,"Interset Expenses ( Loans)"]
[null,"Bank Service Charges"]
[null,"Exchange Fees"]
[null,"Total Financial Charges",{"$f":"SUM(C109:C111)","v":{"v":0,"d":"0.00"}}]
[]
[null,"Depreciation"]
[null,"Vehicles"]
[null,"Kitchen items & Equipments"]
[null,"Depreciation",{"$f":"SUM(C115:C116)","v":{"v":0,"d":"0.00"}}]
[]
[null,"Total Overheads",{"$f":"+C45+C53+C61+C68+C76+C81+C87+C91+C96+C105+C112+C117","v":{"v":0,"d":"0.00"}}]
[]
[null,"Net  Profit",{"$f":"ROUND(C32-C119,5)","v":{"v":0,"d":"0.00"}}]
[]
[null,"Net Profit%",{"$f":"C121/C19*100%","v":{"$error":"#DIV/0!"}}]

{"sheet":"Rak Op Stock","index":1,"n_rows":114,"n_cols":18,"rows_kept":114,"hidden":true,"merged":[[0,10,0,11],[1,7,1,11],[1,13,1,17]]}
["Product Name","Quantity","Price","Amount","Date",null,null,"Opening Stock Report JSW Nov 2022",null,null,{"v":4018.9785632681665,"d":"4,018.98"},null,null,"Opening Stock Report MTL Nov 2022",{"$nulls":3},{"v":2049.2669223764456,"d":"2,049.27"}]
["Ajinomoto  454gm",4,{"v":9.5,"d":"9.50"},{"$f":"C2*B2","v":{"v":38,"d":"38.00"}},"2022-11-01",null,null,"uy ",{"$nulls":5},"uy "]
["Oats - 500GR",59,6.35,{"$f":"C3*B3","v":374.65},"2022-11-01",null,null,"Item Name","UM","Qty","Rate","Amount",null,"Item Name","UM","Qty","Rate","Amount"]
["Essence",28,1.59,44.52,"2022-11-01",null,null,"Black Pepper","kg",0.28,{"v":21,"d":"21.00"},{"v":5.880000000000001,"d":"5.88"},null,"Channa Powder-Basan power","kg",{"v":8,"d":"8.00"},{"v":2.9333333,"d":"2.93"},{"v":23.4666664,"d":"23.47"}]
["Lemon Juice Substitur  12* 1 Lte",1,{"v":6.5,"d":"6.50"},{"v":6.5,"d":"6.50"},"2022-11-01",null,null,"Bush Colour","100gm",{"v":1,"d":"1.00"},{"v":4.5,"d":"4.50"},{"v":4.5,"d":"4.50"},null,"Tomato Past","800gm*12",{"v":7,"d":"7.00"},{"v":4.666666666666667,"d":"4.67"},{"v":32.66666666666667,"d":"32.67"}]
["Sweet Corn  400gm",3,{"v":4.5,"d":"4.50"},{"v":13.5,"d":"13.50"},"2022-11-01",null,null,"Cardamom","kg",{"v":0.7,"d":"0.70"},{"v":75,"d":"75.00"},{"v":52.5,"d":"52.50"},null,"Vermicelli-Dunbi","20*400gm",{"v":16,"d":"16.00"},{"v":2.4,"d":"2.40"},{"v":38.4,"d":"38.40"}]
["Tomato Past  800gm*12",3,4.67,14.01,"2022-11-01",null,null,"Channa Powder-Basan power","kg",{"v":33,"d":"33.00"},{"v":2.9333333,"d":"2.93"},{"v":96.7999989,"d":"96.80"},null,"Black Chana","kg",{"v":10,"d":"10.00"},{"v":3.1,"d":"3.10"},{"v":31,"d":"31.00"}]
["Qusuri Methi  50gm",18,1.75,{"v":31.5,"d":"31.50"},"2022-11-01",null,null," Chilly Long  Red - Nice","kg",{"v":3,"d":"3.00"},{"v":19,"d":"19.00"},{"v":57,"d":"57.00"},null,"Chick Peas (White Channa) 14mm","kg",{"v":3,"d":"3.00"},6.48,19.44]
["Bush Colour  100gm",3,{"v":4.5,"d":"4.50"},{"v":13.5,"d":"13.50"},"2022-11-01",null,null,"Chilly Powder -","kg",{"v":2.7,"d":"2.70"},10.88,{"v":29.376000000000005,"d":"29.38"},null,"Green Peace ","kg",{"v":1,"d":"1.00"},{"v":2.8,"d":"2.80"},{"v":2.8,"d":"2.80"}]
["LG hing",3,{"v":10,"d":"10.00"},{"v":30,"d":"30.00"},"2022-11-01",null,null,"Clove ","kg",0.54,{"v":48,"d":"48.00"},25.92,null,"Masoor Dal 777 India","kg",{"v":30,"d":"30.00"},{"v":3.8,"d":"3.80"},{"v":114,"d":"114.00"}]
["Pappad  200gm*40",9,{"v":3,"d":"3.00"},{"v":27,"d":"27.00"},"2022-11-01",null,null,"Coriander Powder ","kg",{"v":2.8,"d":"2.80"},{"v":6,"d":"6.00"},{"v":16.799999999999997,"d":"16.80"},null,"Milk Powder ","25kg",{"v":1,"d":"1.00"},{"v":8.8,"d":"8.80"},{"v":8.8,"d":"8.80"}]
["Rose Water  12*450ml",28,{"v":1.5,"d":"1.50"},{"v":42,"d":"42.00"},"2022-11-01",null,null,"Coriander Whole","kg",0.35,{"v":12,"d":"12.00"},{"v":4.199999999999999,"d":"4.20"},null,"Pappad","200gm*40",{"v":30,"d":"30.00"},{"v":3,"d":"3.00"},{"v":90,"d":"90.00"}]
["yeast",{"v":1.5,"d":"2"},{"v":10,"d":"10.00"},{"v":15,"d":"15.00"},"2022-11-01",null,null,"Cumin Seed (Jeera Small)","kg",{"v":0.4,"d":"0.40"},{"v":15,"d":"15.00"},{"v":6,"d":"6.00"},null,"Evaporated Milk","410ml*48",{"v":14,"d":"14.00"},{"v":2.6041666666666665,"d":"2.60"},{"v":36.45833333333333,"d":"36.46"}]
["Cinnomon Stick  kg",{"v":1.9,"d":"2"},{"v":16,"d":"16.00"},{"v":30.4,"d":"30.40"},"2022-11-01",null,null,"Cooking Cream","1lte",{"v":3,"d":"3.00"},{"v":9,"d":"9.00"},{"v":27,"d":"27.00"},null,"Red Kidney Beans","kg",{"v":10,"d":"10.00"},{"v":6.266666666666667,"d":"6.27"},{"v":62.666666666666664,"d":"62.67"}]
["Musterd Seed  kg",{"v":1.5,"d":"2"},{"v":8,"d":"8.00"},{"v":12,"d":"12.00"},"2022-11-01",null,null,"Pinapple Essence","28ml*12",{"v":5,"d":"5.00"},1.58,{"v":7.9,"d":"7.90"},null,"Salt","kg",{"v":12,"d":"12.00"},0.72,8.64]
["Black Pepper  kg",6,{"v":21,"d":"21.00"},{"v":126,"d":"126.00"},"2022-11-01",null,null,"Qusuri Methi","50gm",{"v":3,"d":"3.00"},1.75,5.25,null,"Semolina (Rava) ","kg",{"v":13,"d":"13.00"},3.52,45.76]
["Roasted gram split",{"v":2.3,"d":"2"},{"v":5,"d":"5.00"},{"v":11.5,"d":"11.50"},"2022-11-01",null,null,"Sweet Saunf","kg",{"v":3.2,"d":"3.20"},{"v":14,"d":"14.00"},{"v":44.800000000000004,"d":"44.80"},null,"Sugaer","kg",{"v":5,"d":"5.00"},{"v":2.9,"d":"2.90"},{"v":14.5,"d":"14.50"}]
["Clove   kg",2,{"v":48,"d":"48.00"},{"v":96,"d":"96.00"},"2022-11-01",null,null,"Soya Souce","3.78Ltr*4",{"v":1,"d":"1.00"},{"v":17,"d":"17.00"},{"v":17,"d":"17.00"},null,"Chicken Leg Quarter","15KG",{"v":48,"d":"48.00"},{"v":4.8,"d":"4.80"},{"v":230.39999999999998,"d":"230.40"}]
["Mix Veg. Pickel  kg",165,{"v":5,"d":"5.00"},{"v":825,"d":"825.00"},"2022-11-01",null,null,"Tomato Past","800gm*12",{"v":15,"d":"15.00"},{"v":4.666666666666667,"d":"4.67"},{"v":70,"d":"70.00"},null,"Egg","12*30",{"v":90,"d":"90.00"},0.41,{"v":36.9,"d":"36.90"}]
["Mix Fruit Jam   kg",30,{"v":5,"d":"5.00"},{"v":150,"d":"150.00"},"2022-11-01",null,null,"Tomato Ketchup","5kg*4",{"v":2,"d":"2.00"},{"v":18,"d":"18.00"},{"v":36,"d":"36.00"},null,"Mix Vegetabels Frozen","2.5kg*4",{"v":17.5,"d":"17.50"},{"v":3.2,"d":"3.20"},{"v":56,"d":"56.00"}]
["Vinegar3.8ltr",8,{"v":5.5,"d":"5.50"},{"v":44,"d":"44.00"},"2022-11-01",null,null,"Tuermaeric Powder","kg",{"v":3.7,"d":"3.70"},{"v":8,"d":"8.00"},{"v":29.6,"d":"29.60"},null,"Cut Beens","10pkt*1kg",{"v":22.5,"d":"22.50"},{"v":2,"d":"2.00"},{"v":45,"d":"45.00"}]
["Tomato Ketchup  5kg*4",1,{"v":18.5,"d":"18.50"},{"v":18.5,"d":"18.50"},"2022-11-01",null,null,"Black Chana","kg",{"v":7,"d":"7.00"},{"v":3.1,"d":"3.10"},{"v":21.7,"d":"21.70"},null,"Yoghurt","10kg",{"v":40,"d":"40.00"},{"v":2.7,"d":"2.70"},{"v":108,"d":"108.00"}]
["Soya Souce  3.78Ltr*4",2,16.25,{"v":32.5,"d":"32.50"},"2022-11-01",null,null,"Chana Dal ","kg",{"v":36,"d":"36.00"},{"v":3.7333333333333334,"d":"3.73"},{"v":134.4,"d":"134.40"},null,"Maida Bakery Floure 1","50kg",{"v":91,"d":"91.00"},2.34,212.94]
["Ghee -veg  4.6kg",2,{"v":52.5,"d":"52.50"},{"$f":"C24*B24","v":{"v":105,"d":"105.00"}},"2022-11-01",null,null,"Chick Peas (White Channa) 14mm","kg",{"v":13.6,"d":"13.60"},6.48,{"v":88.128,"d":"88.13"},null,"Vegetable Oil -  ","17LTS(15kg)",{"v":15,"d":"15.00"},6.26,{"v":93.89999999999999,"d":"93.90"}]
["Chilly Powder -  kg",5,10.88,{"v":54.400000000000006,"d":"54.40"},"2022-11-01",null,null,"Kiss Miss (Plums)","kg",{"v":0.2,"d":"0.20"},{"v":11.4,"d":"11.40"},{"v":2.2800000000000002,"d":"2.28"},null,"Sona Masoori Rice","35kg",{"v":70,"d":"70.00"},{"v":2.942857142857143,"d":"2.94"},{"v":206,"d":"206.00"}]
["Coriander Powder   kg",41,{"v":6,"d":"6.00"},{"v":246,"d":"246.00"},"2022-11-01",null,null,"Masoor Dal 777 India","kg",{"v":12,"d":"12.00"},{"v":3.8,"d":"3.80"},{"v":45.599999999999994,"d":"45.60"},null,"Mota Rice (Sella) Buryani","10kg*4",{"v":20,"d":"20.00"},{"v":5,"d":"5.00"},{"v":100,"d":"100.00"}]
["Tuermaeric Powder  kg",28,{"v":8,"d":"8.00"},{"v":224,"d":"224.00"},"2022-11-01",null,null,"Mix Veg. Pickel","kg",{"v":2.6,"d":"2.60"},{"v":2.5,"d":"2.50"},{"v":6.5,"d":"6.50"},null,"8389 Aluminuim Containers","1*1000",{"v":225,"d":"225.00"},0.17,38.25]
["Cardamom  kg",{"v":2.4,"d":"2"},{"v":70,"d":"70.00"},{"v":168,"d":"168.00"},"2022-11-01",null,null,"Mix Fruit Jam ","kg",{"v":8.3,"d":"8.30"},{"v":8.2,"d":"8.20"},68.06,null,"250 CC plastic Containers","1*1000",{"v":40,"d":"40.00"},{"v":0.125,"d":"0.13"},{"v":5,"d":"5.00"}]
["Kiss Miss (Plums)  kg",{"v":1.3,"d":"1"},{"v":12,"d":"12.00"},{"v":15.600000000000001,"d":"15.60"},"2022-11-01",null,null,"Milk Powder ","25kg",{"v":7.9,"d":"7.90"},{"v":8.8,"d":"8.80"},{"v":69.52000000000001,"d":"69.52"},null,"Plastic Spoon","50*40",{"v":2000,"d":"2,000.00"},0.03,{"v":60,"d":"60.00"}]
["Masoor Whole  kg",5,5.48,{"v":27.400000000000002,"d":"27.40"},"2022-11-01",null,null,"Toor dal","kg",{"v":43,"d":"43.00"},{"v":5.6,"d":"5.60"},{"v":240.79999999999998,"d":"240.80"},null,"Max Tissu Roll","1*6",{"v":3,"d":"3.00"},{"v":5.833333333333333,"d":"5.83"},{"v":17.5,"d":"17.50"}]
["Soda Powder",{"v":15.5,"d":"16"},{"v":3,"d":"3.00"},{"v":46.5,"d":"46.50"},"2022-11-01",null,null,"Tea Bag(Tea Powder)","5kg",{"v":4.6,"d":"4.60"},{"v":15,"d":"15.00"},{"v":69,"d":"69.00"},null,"Shopping Bag","20kg",{"v":2,"d":"2.00"},{"v":5.5,"d":"5.50"},{"v":11,"d":"11.00"}]
["Spegathi  400gm*20",55,2.45,134.75,"2022-11-01",null,null,"Evaporated Milk","410ml*48",{"v":44,"d":"44.00"},{"v":2.6041666666666665,"d":"2.60"},{"v":114.58333333333333,"d":"114.58"},null,"Bhindi","kg",{"v":15,"d":"15.00"},{"v":1.7241379310344827,"d":"1.72"},{"v":25.86206896551724,"d":"25.86"}]
["Macroni  Pasta   20*400gm",36,1.85,{"v":66.60000000000001,"d":"66.60"},"2022-11-01",null,null,"Salt","kg",{"v":50,"d":"50.00"},0.72,{"v":36,"d":"36.00"},null,"Carrot","kg",{"v":8,"d":"8.00"},{"v":1.1818181818181819,"d":"1.18"},{"v":9.454545454545455,"d":"9.45"}]
["Vermicelli  48*200gm",4,{"v":2.4,"d":"2.40"},{"$f":"C34*B34","v":{"v":9.6,"d":"9.60"}},"2022-11-01",null,null,"Semolina (Rava) ","kg",{"v":7.2,"d":"7.20"},3.52,{"v":25.344,"d":"25.34"},null,"Capsicum","kg",{"v":15,"d":"15.00"},{"v":1.3304347826086957,"d":"1.33"},{"v":19.956521739130437,"d":"19.96"}]
["Rainbow Milk  385ml*48",25,4.27,{"v":106.74999999999999,"d":"106.75"},"2022-11-01",null,null,"Sugaer","kg",{"v":47,"d":"47.00"},{"v":2.9,"d":"2.90"},{"v":136.29999999999998,"d":"136.30"},null,"Cauliflower","kg",{"v":19,"d":"19.00"},{"v":1,"d":"1.00"},{"v":19,"d":"19.00"}]
["Corn Flour  kg",26,3.28,85.28,"2022-11-01",null,null,"Urad Dal ","kg",{"v":42,"d":"42.00"},{"v":5.866666666666666,"d":"5.87"},{"v":246.39999999999998,"d":"246.40"},null,"Cucumber ","kg",{"v":15,"d":"15.00"},{"v":1,"d":"1.00"},{"v":15,"d":"15.00"}]
["Sugaer  kg",82,{"v":3,"d":"3.00"},{"v":246,"d":"246.00"},"2022-11-01",null,null,"Egg","12*30",{"v":240,"d":"240.00"},{"v":0.4166666666666667,"d":"0.42"},{"v":100,"d":"100.00"},null,"Cabbage","kg",{"v":15,"d":"15.00"},{"v":0.7142857142857143,"d":"0.71"},{"v":10.714285714285715,"d":"10.71"}]
["Coconut Powder   kg",{"v":11.5,"d":"12"},{"v":7.4,"d":"7.40"},{"v":85.10000000000001,"d":"85.10"},"2022-11-01",null,null,"Yoghurt","10kg",{"v":14,"d":"14.00"},{"v":2.7,"d":"2.70"},{"v":37.800000000000004,"d":"37.80"},null,"Cabbage","kg",{"v":5,"d":"5.00"},{"v":1,"d":"1.00"},{"v":5,"d":"5.00"}]
["Coriander Whole  kg",{"v":3.3,"d":"3"},{"v":12,"d":"12.00"},{"v":39.599999999999994,"d":"39.60"},"2022-11-01",null,null,"Maida Bakery Floure 1","50kg",{"v":32,"d":"32.00"},2.34,74.88,null,"Egg Plants","kg",{"v":4,"d":"4.00"},{"v":0.8888888888888888,"d":"0.89"},{"v":3.5555555555555554,"d":"3.56"}]
["Bay Livers  kg",{"v":2.9,"d":"3"},{"v":10,"d":"10.00"},{"v":29,"d":"29.00"},"2022-11-01",null,null,"Tandoori Atta","50kg",{"v":13,"d":"13.00"},2.34,{"v":30.419999999999998,"d":"30.42"},null,"Garlic","kg",{"v":2,"d":"2.00"},{"v":3,"d":"3.00"},{"v":6,"d":"6.00"}]
["Channa Powder-Basan power  kg",{"v":20.3,"d":"20"},2.93,{"v":59.479000000000006,"d":"59.48"},"2022-11-01",null,null,"Chakki Atta","25kg",{"v":52,"d":"52.00"},{"v":2.4,"d":"2.40"},{"v":124.8,"d":"124.80"},null,"Ginger","kg",{"v":4,"d":"4.00"},{"v":2.6666666666666665,"d":"2.67"},{"v":10.666666666666666,"d":"10.67"}]
["Chana Dal   kg",{"v":8.8,"d":"9"},4.13,{"v":36.344,"d":"36.34"},"2022-11-01",null,null,"Sona Masoori Rice","35kg",{"v":29,"d":"29.00"},{"v":2.8,"d":"2.80"},{"v":81.19999999999999,"d":"81.20"},null,"Long Padawal","kg",{"v":11,"d":"11.00"},{"v":1.8571428571428572,"d":"1.86"},{"v":20.42857142857143,"d":"20.43"}]
["Salt",170,0.72,{"v":122.39999999999999,"d":"122.40"},"2022-11-01",null,null,"Mota Rice (Sella) Buryani","10kg*4",{"v":120,"d":"120.00"},{"v":5,"d":"5.00"},{"v":600,"d":"600.00"},null,"Tomato","kg",{"v":18,"d":"18.00"},{"v":0.9300699300699301,"d":"0.93"},{"v":16.741258741258743,"d":"16.74"}]
["Jasmin Rice  5kg",{"v":2.2,"d":"2"},3.45,{"v":7.590000000000001,"d":"7.59"},"2022-11-01",null,null,"Itly Rice","18kg",{"v":7.5,"d":"7.50"},3.83,{"v":28.725,"d":"28.73"},null,"Onion","kg",{"v":54,"d":"54.00"},{"v":1.5,"d":"1.50"},{"v":81,"d":"81.00"}]
["Semolina (Rava)   kg",{"v":7.4,"d":"7"},{"v":3,"d":"3.00"},{"v":22.200000000000003,"d":"22.20"},"2022-11-01",null,null,"8389 Aluminuim Containers","1*1000",{"v":1250,"d":"1,250.00"},0.17,{"v":212.50000000000003,"d":"212.50"},null,"Potato","kg",{"v":6,"d":"6.00"},1.25,{"v":7.5,"d":"7.50"}]
["Urad Dal   kg",78,5.88,458.64,"2022-11-01",null,null,"Aluminium Foil 30cm1.5kg","1 x 12Ps",{"v":3,"d":"3.00"},{"v":15.083333333333334,"d":"15.08"},45.25,null,"Koddu","kg",{"v":16,"d":"16.00"},{"v":1.1061946902654867,"d":"1.11"},{"v":17.699115044247787,"d":"17.70"}]
["Black Eye Beans  kg",42,{"v":5,"d":"5.00"},{"v":210,"d":"210.00"},"2022-11-01",null,null,"250 CC plastic Containers","1*1000",{"v":800,"d":"800.00"},{"v":0.125,"d":"0.13"},{"v":100,"d":"100.00"},null,"Red Pumpkin","kg",{"v":26,"d":"26.00"},{"v":1.2,"d":"1.20"},{"v":31.2,"d":"31.20"}]
["Urad  Whole  kg",30,{"v":6,"d":"6.00"},{"v":180,"d":"180.00"},"2022-11-01",null,null,"75 cc white cup","50*30",{"v":300,"d":"300.00"},0.08,{"v":24,"d":"24.00"},{"$nulls":3},"Total ",null,{"v":2049.2669223764456,"d":"2,049.27"}]
["Moong Whole 777  kg",30,{"v":4.4,"d":"4.40"},{"v":132,"d":"132.00"},"2022-11-01",null,null,"Hand Gloves","100 x 10box",{"v":8,"d":"8.00"},{"v":8.5,"d":"8.50"},{"v":68,"d":"68.00"}]
["Moong Dal  kg",{"v":1.4,"d":"1"},{"v":4.4,"d":"4.40"},6.16,"2022-11-01",null,null,"Smokey Bag","10kg",{"v":2.5,"d":"2.50"},{"v":6.5,"d":"6.50"},16.25]
["Masoor Dal 777 India  kg",149,4.27,{"v":636.2299999999999,"d":"636.23"},"2022-11-01",null,null,"Shopping Bag","20kg",{"v":8.7,"d":"8.70"},{"v":6.5,"d":"6.50"},56.55]
["Sona Masoori Rice",1584,2.95,{"v":4672.8,"d":"4672.80"},"2022-11-01",null,null,"Disposabale Cup 5 oz","50*20pkt",{"v":2050,"d":"2,050.00"},{"v":0.023,"d":"0.02"},47.15]
["Biryani Rice",334,{"v":5,"d":"5.00"},{"v":1670,"d":"1670.00"},"2022-11-01",null,null,"6.5 oz Tea Cup Peper","50*20pkt",{"v":1250,"d":"1,250.00"},0.06,{"v":75,"d":"75.00"}]
["Idly Rice",197,{"v":2.5,"d":"2.50"},{"v":492.5,"d":"492.50"},"2022-11-01",null,null,"Apron ","100ps*10pkt",{"v":3,"d":"3.00"},{"v":7.5,"d":"7.50"},{"v":22.5,"d":"22.50"}]
["Milk Powder -   25kg",21,{"v":13.8,"d":"13.80"},{"v":289.8,"d":"289.80"},"2022-11-01",null,null,"Bio Degrebale HDPE Clear Gloves (100*100)","100*100",{"v":5,"d":"5.00"},{"v":0.035,"d":"0.04"},{"v":0.17500000000000002,"d":"0.18"}]
["Pr11 Rice",430,3.72,{"v":1599.6000000000001,"d":"1599.60"},"2022-11-01",null,null,"Neat CAP","1*100",{"v":3,"d":"3.00"},{"v":7.5,"d":"7.50"},{"v":22.5,"d":"22.50"}]
["Matta Rice",200,{"v":2.7,"d":"2.70"},{"v":540,"d":"540.00"},"2022-11-01",null,null,"1000cc Plastci Reactangel Containers",null,{"v":350,"d":"350.00"},0.36,{"v":126,"d":"126.00"}]
["Chakki Aata",25,{"v":2.4,"d":"2.40"},{"v":60,"d":"60.00"},"2022-11-01",null,null,"Antiseptic Liquid","5g*4",{"v":1,"d":"1.00"},11.25,11.25]
["Tandoori Aata",400,2.34,{"v":936,"d":"936.00"},"2022-11-01",null,null,"Dish Wash ","5LIT*4",{"v":2,"d":"2.00"},{"v":7.5,"d":"7.50"},{"v":15,"d":"15.00"}]
["Chapati Aata",650,2.28,{"v":1481.9999999999998,"d":"1482.00"},"2022-11-01",null,null,"Super Jambo",null,{"v":9,"d":"9.00"},{"v":2.5,"d":"2.50"},{"v":22.5,"d":"22.50"}]
["Bakery AAta",530,2.34,{"v":1240.1999999999998,"d":"1240.20"},"2022-11-01",null,null,"Bhindi","kg",{"v":11,"d":"11.00"},{"v":1.7241379310344827,"d":"1.72"},{"v":18.96551724137931,"d":"18.97"}]
["Mix Vegetabels Frozen  2.5kg*4",190,{"v":3.2,"d":"3.20"},{"v":608,"d":"608.00"},"2022-11-01",null,null,"Capsicum","kg",{"v":10,"d":"10.00"},{"v":1.3304347826086957,"d":"1.33"},{"v":13.304347826086957,"d":"13.30"}]
["Green Peace Frozen  2.5kg*4",{"v":12.5,"d":"13"},{"v":5,"d":"5.00"},{"v":62.5,"d":"62.50"},"2022-11-01",null,null,"Cabbage","kg",{"v":14,"d":"14.00"},{"v":0.5333333333333333,"d":"0.53"},{"v":7.466666666666667,"d":"7.47"}]
["Frozon Beans Cut",565,{"v":2.1,"d":"2.10"},{"v":1186.5,"d":"1186.50"},"2022-11-01",null,null,"Curry Leaf",null,{"v":0.4,"d":"0.40"},{"v":12,"d":"12.00"},{"v":4.800000000000001,"d":"4.80"}]
["Egg  12*30",5460,0.49,{"v":2675.4,"d":"2675.40"},"2022-11-01",null,null,"Egg Plants","kg",{"v":15,"d":"15.00"},0.75,11.25]
["Yoghurt  10kg",125,{"v":2.7,"d":"2.70"},{"v":337.5,"d":"337.50"},"2022-11-01",null,null,"Garlic","kg",{"v":1.8,"d":"1.80"},{"v":3,"d":"3.00"},{"v":5.4,"d":"5.40"}]
["250 CC plastic Containers  50*20",10000,0.13,{"$f":"C67*B67","v":{"v":1300,"d":"1300.00"}},"2022-11-01",null,null,"Ginger","kg",{"v":2.1,"d":"2.10"},{"v":2.6666666666666665,"d":"2.67"},{"v":5.6,"d":"5.60"}]
["8389 Aluminuim Containers  ",7000,0.18,{"v":1260,"d":"1260.00"},"2022-11-01",null,null,"Tomato","kg",{"v":10,"d":"10.00"},{"v":0.9300699300699301,"d":"0.93"},{"v":9.300699300699302,"d":"9.30"}]
["Apron   100ps*10pkt",15,{"v":7.5,"d":"7.50"},{"v":112.5,"d":"112.50"},"2022-11-01",null,null,"Onion","kg",{"v":38,"d":"38.00"},{"v":1.5,"d":"1.50"},{"v":57,"d":"57.00"}]
["8342 Alumeniun Containers  1*1000",1125,0.12,{"v":135,"d":"135.00"},"2022-11-01",null,null,"Potato","kg",{"v":30,"d":"30.00"},1.25,{"v":37.5,"d":"37.50"}]
["Aluminium Foil 30cm1.5kg  1 x 12Ps",35,9.58,{"v":335.3,"d":"335.30"},"2022-11-01",null,null,"Palaka","box",{"v":2,"d":"2.00"},{"v":9,"d":"9.00"},{"v":18,"d":"18.00"}]
["75 cc white cup  50*30",900,{"v":0.1,"d":"0.10"},{"v":90,"d":"90.00"},"2022-11-01",null,null,"Kusaha","kg",{"v":13,"d":"13.00"},{"v":1.2,"d":"1.20"},{"v":15.6,"d":"15.60"}]
["Clean Film  30CM-1*24PS",14,3.96,55.44,"2022-11-01",null,null,"Koddu","kg",{"v":15,"d":"15.00"},0.96,{"v":14.399999999999999,"d":"14.40"}]
["Pet Cup 50ml  ",9350,0.12,{"v":1122,"d":"1122.00"},"2022-11-01",null,null,"Red Pumpkin","kg",{"v":14,"d":"14.00"},{"v":1.2,"d":"1.20"},{"v":16.8,"d":"16.80"}]
["Foame Plates 7\"   25pes*40pkt",2000,0.11,{"v":220,"d":"220.00"},"2022-11-01",{"$nulls":5},"Total ",{"v":4018.9785632681665,"d":"4,018.98"}]
["Clorox  1* 6ps",1,5.88,5.88,"2022-11-01"]
["Garbage Bag  20kg",11,{"v":5,"d":"5.00"},{"v":55,"d":"55.00"},"2022-11-01"]
["Smokey Bag  20kg",70,{"v":6.5,"d":"6.50"},{"v":455,"d":"455.00"},"2022-11-01"]
["Shopping Bag  20kg",275,{"v":5.5,"d":"5.50"},{"v":1512.5,"d":"1512.50"},"2022-11-01"]
["Chicken Leg Quarter",63,{"v":5,"d":"5.00"},{"v":315,"d":"315.00"},"2022-11-01"]
["Mutton six way cut  kg",10,25.25,{"v":252.5,"d":"252.50"},"2022-11-01"]
["Mutton cubes 18 kg",{"v":19.8,"d":"20"},12.76,{"v":252.648,"d":"252.65"},"2022-11-01"]
["Beef Slices  0.900gm*20",100,12.78,{"v":1278,"d":"1278.00"},"2022-11-01"]
["Beef Veal Cub  0.900gm*20",40,10.56,{"v":422.40000000000003,"d":"422.40"},"2022-11-01"]
["BEEF LIVER",4,{"v":10,"d":"10.00"},{"v":40,"d":"40.00"},"2022-11-01"]
["Tilapia  1*10kg",4,8.75,{"v":35,"d":"35.00"},"2022-11-01"]
["Chiken Liver  450gm*20",10,6.67,{"v":66.7,"d":"66.70"},"2022-11-01"]
["Chicken Frank (Sausages)  340gm*24",20,5.88,{"v":117.6,"d":"117.60"},"2022-11-01"]
["CHICKEN GIZZARD",{"v":3.6,"d":"4"},{"v":8.5,"d":"8.50"},{"v":30.6,"d":"30.60"},"2022-11-01"]
["Fish Filert  1*10kg",77,{"v":11,"d":"11.00"},{"v":847,"d":"847.00"},"2022-11-01"]
["Onion  kg",145,1.53,221.85,"2022-11-01"]
["Potato  kg",120,1.67,{"v":200.39999999999998,"d":"200.40"},"2022-11-01"]
["Tomato",35,{"v":1.5,"d":"1.50"},{"v":52.5,"d":"52.50"},"2022-11-01"]
["sweet melon",200,{"v":5.4,"d":"5.40"},{"v":1080,"d":"1080.00"},"2022-11-01"]
["Cabbage  kg",120,0.88,{"v":105.6,"d":"105.60"},"2022-11-01"]
["coconut fresh",20,{"v":2,"d":"2.00"},{"v":40,"d":"40.00"},"2022-11-01"]
["Egg Plants  kg",71,{"v":1.2,"d":"1.20"},{"v":85.2,"d":"85.20"},"2022-11-01"]
["Capsicum  kg",28,2.41,67.48,"2022-11-01"]
["Papaya  kg",54,{"v":1,"d":"1.00"},{"v":54,"d":"54.00"},"2022-11-01"]
["Beans  ",91,3.33,{"v":303.03000000000003,"d":"303.03"},"2022-11-01"]
["Potato  kg",12,1.67,20.04,"2022-11-01"]
["Banana fRESH",18,{"v":2,"d":"2.00"},{"v":36,"d":"36.00"},"2022-11-01"]
["BALDRI",7,{"v":1.5,"d":"1.50"},{"v":10.5,"d":"10.50"},"2022-11-01"]
["SNAKEGUARD (PADWAL)",48,{"v":1.2,"d":"1.20"},{"v":57.599999999999994,"d":"57.60"},"2022-11-01"]
["Egg Plants  kg",45,{"v":1.2,"d":"1.20"},{"v":54,"d":"54.00"},"2022-11-01"]
["CUCUMBER ",32,{"v":2,"d":"2.00"},{"v":64,"d":"64.00"},"2022-11-01"]
["Carrot  kg",40,{"v":1.5,"d":"1.50"},{"v":60,"d":"60.00"},"2022-11-01"]
["Beet Root  ",46,1.75,{"v":80.5,"d":"80.50"},"2022-11-01"]
["Radish  kg",8,{"v":1,"d":"1.00"},{"v":8,"d":"8.00"},"2022-11-01"]
["Palaka  kg",18,{"v":10,"d":"10.00"},{"v":180,"d":"180.00"},"2022-11-01"]
["Palaka  kg",5,{"v":10,"d":"10.00"},{"v":50,"d":"50.00"},"2022-11-01"]
["Cauliflower  kg",268,{"v":2.5,"d":"2.50"},{"v":670,"d":"670.00"},"2022-11-01"]
[]
[null,null,"Total",{"$f":"SUM(D2:D112)","v":{"v":37226.271,"d":"37226.27"}}]

{"sheet":"Cl Stock RAK","index":2,"n_rows":161,"n_cols":6,"rows_kept":161,"hidden":true}
["S.No","Closing Stock Report Nov 2022",null,23031.433999999997,null,23455.078592264075]
[1,"uy "]
[2,"Item Name","UM","Qty","Rate","Amount"]
[3,"Ajinomoto-Mi-Pong","400gm",1,2,2]
[4,"Black Pepper","kg",4.16,21,87.36]
[5,"Bush Colour","100gm",11,4.5,49.5]
[6,"Bay Livers","kg",2,10,20]
[7,"Cashew Nuts Brokens","kg",7.1,19,134.9]
[8,"Channa Powder-Basan power","kg",35.86,2.9333333,105.189332138]
[9,"Chilly Powder -","kg",15.48,10.88,168.4224]
[10,"Cinnomon Stick","kg",8.24,16,131.84]
[11,"Clove ","kg",1.76,48,84.48]
[12,"Coriander Powder ","kg",14.219999999999999,6,85.32]
[13,"Corn Flour","kg",12.3,3.28,40.344]
[14,"Cumin Seed (Jeera Small)","kg",10.42,15,156.3]
[15,"Canton Noodles","227gm",9,9,81]
[16,"Fish Sauce","750ml",1,13,13]
[17,"Ghee -veg","15kg",2.56,9.375,24]
[18,"L.G Hing Powder","100gm",5,10,50]
[19,"Macroni  Pasta ","20*400gm",7,1.85,12.950000000000001]
[20," Pasta- Lbow ","20*400gm",26,1.85,48.1]
[21,"Mama Sita-Afridata Mix","50gm",1,10.5,10.5]
[22,"Mama Sita-Palabok","57gm",3,9,27]
[23,"Oats","500gm",2.5,12.4,31]
[24,"Kare Kare Mix","50gm",1,6,6]
[25,"Peanut Butter","340gm",2,9.5,19]
[26,"Pinapple Slices","227gm",2,9,18]
[27,"Pinapple Essence","28ml*12",8,1.58,12.64]
[28,"Rose Water","12*450ml",24,1.58,37.92]
[29,"Spegathi","400gm*20",40,2.45,98]
[30,"Sinigang Mix","44gm",6,6.5,39]
[31,"Shrimp Past","340gm",1,13,13]
[32,"Sweet Corn","400gm",3,5,15]
[33,"Soya Souce","3.78Ltr*4",4,16.25,65]
[34,"Soda Powder","kg",14.44,4,57.76]
[35,"Sweet Chilli Sauce","710GM",1,7,7]
[36,"Tomato Past","800gm*12",27,4.666666666666667,126.00000000000001]
[37,"Tomato Ketchup-Portion","8gm*1000",8.86,8.5,75.31]
[38,"Tomato Ketchup","5kg*4",4,18,72]
[39,"Tuermaeric Powder","kg",40,8,320]
[40,"Vermicelli-Dunbi","20*400gm",72,2.4,172.79999999999998]
[41,"White Viniger","3.78 lit*4",6.5,5.5,35.75]
[42,"Black Chana","kg",30.934,3.2,98.98880000000001]
[43,"Black Eye Beans","kg",15,4.4,66]
[44,"Chana Dal ","kg",2.98,3.8,11.324]
[45,"Chick Peas (White Channa) 14mm","kg",50,7,350]
[46,"Coconut Powder ","kg",5.6,8.6,48.16]
[47,"Kiss Miss (Plums)","kg",2.94,14,41.16]
[48,"Masoor Dal 777 India","kg",83.8,3.6666666666666665,307.26666666666665]
[49,"Mix Veg. Pickel","kg",65.75,2.5,164.375]
[50,"Mix Fruit Jam ","kg",35,4.4,154]
[51,"Moong Dal","kg",15,3.8666666666666667,58]
[52,"Moong Whole 777","kg",17.04,3.533333333333333,60.208]
[53,"Milk Powder ","25kg",32.5,8.4,273]
[54,"Milk Powder -  Volga","25kg",7,15.4,107.8]
[55,"Tea Bag(Tea Powder)","5kg",4.16,15,62.400000000000006]
[56,"Pappad","200gm*40",55,3,165]
[57,"Evaporated Milk","410ml*48",10,2.6041666666666665,26.041666666666664]
[58,"Rosterd Gram Splits","kg",13.26,8,106.08]
[59,"Red Kidney Beans","kg",67.94,6.266666666666667,425.7573333333333]
[60,"Salt","kg",245,0.72,176.4]
[61,"Semolina (Rava) ","kg",30.58,3.52,107.6416]
[62,"Sugaer","kg",115.36,2.9,334.544]
[63,"Urad  Whole","kg",30,5.2,156]
[64,"Urad Dal ","kg",102.48,4.2,430.41600000000005]
[65,"White Kidny Beans","kg",30,5.2,156]
[66,"Chicken Frank (Sausages)","340gm*24",1.7000000000000002,6.74,11.458000000000002]
[67,"Chicken Leg Quarter","15KG",75,5.2,390]
[68,"Chiken Liver","450gm*20",11.25,6.666666666666667,75]
[69,"Chicken whole","1200gm*10",18,8.666666666666666,156]
[70,"Beef Liver","18kg",2,10,20]
[71,"Beef Slices","0.900gm*20",29.7,11.94,354.618]
[72,"Tilapia","1*10kg",1.6,8.75,14]
[73,"Mutton six way cut","kg",29,24,696]
[74,"Mutton Cup","kg",30.6,12.22,373.932]
[75,"Fresh Fish","2.5kg*4",8,4,32]
[76,"Fresh Fish-Tuna","2.5kg*4",96,5,480]
[77,"Egg","12*30",240,0.4583333333333333,110]
[78,"Mix Vegetabels Frozen","2.5kg*4",2.5,3.2,8]
[79,"Green Peace Frozen","2.5kg*4",2.5,4.5,11.25]
[80,"Cut Beens","10pkt*1kg",440,2,880]
[81,"Maida Bakery Floure 1","50kg",55.3,2.34,129.402]
[82,"Tandoori Atta","50kg",150,2.34,351]
[83,"Chakki Atta","25kg",525,2.4,1260]
[84,"Chakki Atta","50kg",512.8,2.6,1333.28]
[85,"Chakki Atta-Al Baker","10kg",3.06,3.25,9.945]
[86,"Vegetable Oil -  ","17LTS(15kg)",21.6,5.866666666666666,126.72]
[87,"Sona Masoori Rice","35kg",350,2.942857142857143,1030]
[88,"Mota Rice (Sella) Buryani","10kg*4",119.96,4.875,584.805]
[89,"Palakkadan Matta Rice","20kg",120,2.8,336]
[90,"Sara Classic Pr11 Rice","35kg",70,3.7142857142857144,260]
[91,"Ponni Rice","20kg",12.4,2.7,33.480000000000004]
[92,"Itly Rice","18kg",45.5,2.75,125.125]
[93,"Itly Rice","18kg",36,3.611111111111111,130]
[94,"8389 Aluminuim Containers","1*1000",7000,0.17,1190]
[95,"8342 Aluminuim Containers","1*1000",1626,0.12,195.12]
[96,"Aluminium Foil 30cm1.5kg","1 x 12Ps",23,15.083333333333334,346.9166666666667]
[97,"250 CC plastic Containers","1*1000",1000,0.125,125]
[98,"350/400 CC Plastic Container","1*1000",1350,0.16,216]
[99,"75 cc white cup","50*30",1400,0.08,112]
[100,"Clean Film","45CM",1,85,85]
[101,"Clean Film- 300mm x1.3kg","1 x6 pes",11,15.833333333333334,174.16666666666669]
[102,"Face Marsk",null,33,6,198]
[103,"Max Tissu Roll","1*6",7,5.833333333333333,40.83333333333333]
[104,"Smokey Bag","10kg",13.6,6.5,88.39999999999999]
[105,"Shopping Bag","20kg",55,6.5,357.5]
[106,"Shopping Bag","20kg",100,6.75,675]
[107,"Disposabale Cup 5 oz","50*20pkt",1000,0.023,23]
[108,"Garbage Bag","20kg",5.54,5.25,29.085]
[109,"Apron ","100ps*10pkt",6,7.5,45]
[110,"Neat CAP","1*100",6,7.5,45]
[111,"Foam Plate 7 in 25s","25PsX40pkt",1000,0.1,100]
[null,"Foam Plate 7 in 25s","25PsX40pkt",1000,0.14,140]
[null,"525cc Plastic CUP","500PES",100,0.26,26]
[null,"Dish Wash ","5LIT*4",5,7.5,37.5]
[null,"Banana","kg",54,1.2,64.8]
[null,"Banana","kg",16,1.25,20]
[null,"Carrot","kg",11,0.948051948051948,10.428571428571429]
[null,"Carrot","kg",47,1.9444444444444444,91.38888888888889]
[null,"Capsicum","kg",50,1.0101010101010102,50.505050505050505]
[null,"Cauliflower","kg",169,0.6153846153846154,104]
[null,"Cucumber ","kg",34,1.2564102564102564,42.717948717948715]
[null,"Cucumber ","kg",12,1.2,14.399999999999999]
[null,"Cabbage","kg",100,0.7,70]
[null,"Chilli","kg",12.5,2.227272727272727,27.84090909090909]
[null,"Egg Plants","kg",65,0.6818181818181818,44.31818181818181]
[null,"Garlic","kg",5,3.4,17]
[null,"Garlic","kg",4,4.5,18]
[null,"Ginger","kg",17.5,5.142857142857143,90]
[null,"Long Padawal","kg",60,1.3448275862068966,80.6896551724138]
[null,"Tomato","kg",167,0.88,146.96]
[null,"Onion","kg",330,1.2,396]
[null,"White Onion","kg",85,0.7777777777777778,66.11111111111111]
[null,"Karawila","kg",170,1.125,191.25]
[null,"Karawila","kg",105,1.119205298013245,117.51655629139073]
[null,"Potato","kg",346,1.3833333333333333,478.6333333333333]
[null,"Papaya","kg",14,1,14]
[null,"Papaya","kg",77,0.7480314960629921,57.59842519685039]
[null,"Methie","kg",2,12,24]
[null,"Palaka","box",6,8,48]
[null,"Kulmie","kg",4,7.5,30]
[null,"Radish","kg",56,0.8571428571428571,48]
[null,"Red Jiera","box",4,8,32]
[null,"Lettiues","kg",10,1.3,13]
[null,"Speanich (poyshok-Nivithi)","kg",4,8,32]
[null,"Appel","box",14,22,308]
[null,"Gower","pes",38,1.3157894736842106,50]
[null,"Kusaha","kg",188,0.6968085106382979,131]
[null,"lemon","kg",4.3,1.4,6.02]
[null,"Mint","kg",0.8,3.333,2.6664000000000003]
[null,"Koddu","kg",5,0.8333333333333334,4.166666666666667]
[null,"Red Pumpkin","kg",9,0.5555555555555556,5]
[null,"Red Pumpkin","kg",3,0.75,2.25]
[null,"Red Pumpkin","kg",141,0.6190476190476191,87.28571428571429]
[null,"Small Pumking","kg",172,0.83,142.76]
[null,"Long Beans","kg",26,2,52]
[null,"Valleary","kg",4.5,1.3333333333333333,6]
[null,"Valleary","kg",20.5,1.4285714285714286,29.285714285714285]
[null,"Sweet Potato","kg",48,1.0416666666666667,50]
[null,"Yam","kg",56,2.25,126]
[{"$nulls":3},"Closing Balance ",null,23455.078592264075]

{"sheet":"Cl Stock MTL-FUJ","index":3,"n_rows":418,"n_cols":13,"rows_kept":418,"hidden":true}
["Closing Stock Report MTL Oct 2022","Closing Stock Report MTL Nov 2022",{"$nulls":3},2431.093442124124,null,null,"Closing Stock Report JSW Nov 2022",{"$nulls":3},2992.318402010506]
["uy ","uy ",{"$nulls":6},"uy "]
["Item Name","Item Name","UM","Qty","Rate","Amount",null,null,"Item Name","UM","Qty","Rate","Amount"]
["Ajinomoto","Black Pepper","kg",0.7,21,14.7,null,null,"Ajinomoto","454gm",2,2,4]
["Ajinomoto","Bay Livers","kg",0.1,10,1,null,null,"Bush Colour","100gm",2,4.5,9]
["Black Pepper","Cardamom","kg",0.5,70,35,null,null,"Butter","500gm",7,5.25,36.75]
["Black Pepper","Channa Powder-Basan power","kg",12,2.9333333,35.1999996,null,null,"Cardamom","kg",0.1,70,7]
["Black Pepper Powder"," Chilly Long  Red - Nice","kg",1.5,16,24,null,null,"Cashew Nuts Brokens","kg",2,19,38]
["Bush Colour","Chilly Powder -","kg",1.5,10.88,16.32,null,null,"Channa Powder-Basan power","kg",20,2.9333333,58.666666000000006]
["Bush Colour","Clove ","kg",1,48,48,null,null,"Cinnomon Stick","kg",0.2,17,3.4000000000000004]
["Black Jera (ajuwan)","Coriander Powder ","kg",1.5,6,9,null,null,"Clove ","kg",0.2,48,9.600000000000001]
["Bread Crum","Ghee -veg","15kg",2,9.375,18.75,null,null,"Coriander Powder ","kg",3,6,18]
["Bay Livers","Musterd Seed","kg",0.4,8,3.2,null,null,"Corn Flour","kg",2,2.9,5.8]
["Butter","Pinapple Essence","28ml*12",5,1.58,7.9,null,null,"Fennel Seed (Jeera Big)","kg",1,14,14]
["Bihon Noodles","Qusuri Methi","50gm",1,1.75,1.75,null,null,"Strawbwery Jam","5kg",5,6.8,34]
["Cardamom","Rose Water","12*450ml",4,1.5,6,null,null,"Rose Water","12*450ml",3,1.58,4.74]
["Cardamom","Tomato Past","800gm*12",5,4.666666666666667,23.333333333333336,null,null,"Soya Souce","3.78Ltr*4",1,16.25,16.25]
["Cashew Nuts Brokens","Tuermaeric Powder","kg",2,7,14,null,null,"Tomato Past","800gm*12",6,4.666666666666667,28]
["Cashew Nuts Brokens","Vermicelli","48*200gm",5,2.2,11,null,null,"Tomato Ketchup","5kg*4",3,17,51]
["Channa Powder-Basan power","Black Chana","kg",28,3.1,86.8,null,null,"Tuermaeric Powder","kg",1,7,7]
[" Chilly Long  Red - Nice","Black Eye Beans","kg",5,4.4,22,null,null,"Vermicelli","48*200gm",4,2.2,8.8]
[" Chilly Long  Red - Nice","Chana Dal ","kg",15,3.7333333333333334,56,null,null,"DAL & SEEDS ITEM",null,null,0,0]
["Chilly Powder -","Kiss Miss (Plums)","kg",0.8,11.4,9.120000000000001,null,null,"Black Chana","kg",7,3.07,21.49]
["Cinnomon Stick","Masoor Dal 777 India","kg",8,3.8,30.4,null,null,"Black Eye Beans","kg",10,4.4,44]
["Cinnomon Stick","Moong Dal","kg",15,3.86,57.9,null,null,"Chick Peas (White Channa) 14mm","kg",2,6.48,12.96]
["Curry Powder","Moong Whole 777","kg",6,3.47,20.82,null,null,"Masoor Dal 777 India","kg",20,3.6666666666666665,73.33333333333333]
["Clove ","Milk Powder ","25kg",3,8.8,26.400000000000002,null,null,"Moong Whole 777","kg",10,4.6,46]
["Coriander Powder ","Tea Bag(Tea Powder)","5kg",2,15,30,null,null,"Milk Powder ","25kg",1.5,8.8,13.200000000000001]
["Coriander Whole","Pappad","200gm*40",17,3,51,null,null,"Toor dal","kg",15,5.6,84]
["Coriander Whole","Evaporated Milk","410ml*48",30,2.6041666666666665,78.125,null,null,"Tea Bag(Tea Powder)","5kg",4,15,60]
["Corn Flour","Red Kidney Beans","kg",2,6.266666666666667,12.533333333333333,null,null,"Pappad","200gm*40",4,3,12]
["Corn Flour","Salt","kg",23,0.72,16.56,null,null,"Evaporated Milk","410ml*48",69,2.6041666666666665,179.6875]
["Cinnomon Powder","Semolina (Rava) ","kg",12,3.52,42.24,null,null,"Red Kidney Beans","kg",10,6.266666666666667,62.666666666666664]
["Cumin Seed (Jeera Small)","Sugaer","kg",12,2.9,34.8,null,null,"Salt","kg",35,0.72,25.2]
["Cumin Seed (Jeera Small)","Mutton six way cut","kg",9,23,207,null,null,"Semolina (Rava) ","kg",5,3.44,17.2]
["Coconut Milk Tin","Egg","12*30",100,0.4166666666666667,41.66666666666667,null,null,"Soya Beans","kg",1.5,6.75,10.125]
["Chicken Masala","Green Peace Frozen","2.5kg*4",4,4.5,18,null,null,"Urad Dal ","kg",35,5.866666666666666,205.33333333333331]
["Chicken Stocks Maggi","Cut Beens","10pkt*1kg",5,2,10,null,null,"Pickle ","kg",1,17.5,17.5]
["Cooking Cream","Yoghurt","10kg",10,2.7,27,null,null,"NON VEGE  ITEM SEA FOODS",null,null,0,0]
["Cooking Cream","Maida Bakery Floure 1","50kg",40,2.34,93.6,null,null,"Chicken Frank (Sausages)","340gm*24",4.484999999999999,6.74,30.228899999999996]
["Cooking Cream","Chakki Atta","25kg",27,2.4,64.8,null,null,"Chicken Leg Quarter","15KG",30,4.8,144]
["Chick peast -Boild","Vegetable Oil -  ","17LTS(15kg)",25,6.26,156.5,null,null,"Mutton six way cut","kg",3,26,78]
["Chick peast -Boild","pickle",null,5,3.6,18,null,null,"Fresh Fish","2.5kg*4",2,5,10]
["Canton Noodles","Sona Masoori Rice","35kg",25,2.942857142857143,73.57142857142858,null,null,"Frozen Vege and  Dairy Product",null,null,0,0]
["Dry Lemon","Mota Rice (Sella) Buryani","10kg*4",30,5,150,null,null,"Mix Vegetabels Frozen","2.5kg*4",2.5,3.2,8]
["Fennel Seed (Jeera Big)","8389 Aluminuim Containers","1*1000",80,0.17,13.600000000000001,null,null,"Green Peace Frozen","2.5kg*4",7.5,4.5,33.75]
["Fenungreek","Aluminium Foil 30cm1.5kg","1 x 12Ps",2,16.66,33.32,null,null,"ATTA & MAIDA",null,null,0,0]
["Fenungreek","250 CC plastic Containers","1*1000",600,0.125,75,null,null,"Maida Bakery Floure 1","50kg",150,2.34,351]
["Fish Sauce","Clean Film- 300mm x1.3kg","1 x6 pes",1,15.833333333333334,15.833333333333334,null,null,"OIL & GHEE",null,null,0,0]
["Ghee -veg","Plastic Spoon","50*40",2000,0.03,60,null,null,"Vegetable Oil -  ","17LTS(15kg)",7,6.26,43.82]
["Ghee -veg","Max Tissu Roll","1*6",4,5.833333333333333,23.333333333333332,null,null,"RICE",null,null,0,0]
["Hot Sauce","Smokey Bag","10kg",1.5,6.5,9.75,null,null,"Mota Rice (Sella) Buryani","10kg*4",20,5,100]
["Hot Sauce","Shopping Bag","20kg",5,5.5,27.5,null,null,"PACKIN & CLEANING",null,null,0,0]
["Hakka Noodles vege","Disposabale Cup 5 oz","50*20pkt",700,0.023,16.1,null,null,"8389 Aluminuim Containers","1*1000",230,0.17,39.1]
["Huy Fong Sriracha Sauce","Garbage Bag","20kg",2,5.25,10.5,null,null,"Aluminium Foil 30cm1.5kg","1 x 12Ps",1,16.66,16.66]
["Jam-Strawbwery","Antiseptic Liquid","5g*4",1,11.25,11.25,null,null,"250 CC plastic Containers","1*1000",950,0.12,114]
["Strawbwery Jam","Clorox","1* 6ps",1,5.333333333333333,5.333333333333333,null,null,"75 cc white cup","50*30",700,0.08,56]
["L.G Hing Powder","Dish Wash ","5LIT*4",1,7.5,7.5,null,null,"Max Tissu Roll","1*6",12,5.833333333333333,70]
["Long Life Milk","Carrot","kg",16,1.5819209039548023,25.310734463276837,null,null,"Smokey Bag","10kg",2,6.5,13]
["Long Life Milk","Capsicum","kg",8,1.4408602150537635,11.526881720430108,null,null,"Shopping Bag","20kg",4,5.5,22]
["Lemon Juice Substitur","Cucumber ","kg",25,1,25,null,null,"Garbage Bag","20kg",20,5.25,105]
["Lemon Juice Substitur","Cabbage","kg",17,0.7142857142857143,12.142857142857142,null,null,"6.5 oz Tea Cup Peper","50*20pkt",1505,0.06,90.3]
["Macroni  Pasta ","Chilli","kg",3,1.5555555555555556,4.666666666666667,null,null,"Foam Plate 7 in 25s","25PsX40pkt",100,0.1,10]
["Macroni  Pasta -Penne Pasta","Egg Plants","kg",10,0.8888888888888888,8.88888888888889,null,null,"1000cc Plastci Reactangel Containers",null,350,0.36,126]
["Macroni  Pasta -Penne Pasta","Garlic","kg",5,4,20,null,null," CLEANING MEATIRIAL",null,null,0,0]
["Macroni  Pasta- Lbow ","Ginger","kg",6.5,2.8058361391694726,18.237934904601573,null,null,"Antiseptic Liquid","5g*4",1,11.25,11.25]
["Macroni  Pasta- Lbow ","Tomato","kg",20,0.9300699300699301,18.601398601398603,null,null,"Dish Wash ","5LIT*4",1,7.5,7.5]
["Mashroom Piecs","Onion","kg",50,1.1,55.00000000000001,null,null,"Carrot","kg",5,1.5819209039548023,7.909604519774012]
["Mama Sita-Afridata Mix","White Onion","kg",10,0.967741935483871,9.67741935483871,null,null,"Cucumber ","kg",10,1,10]
["Mama Sita-Sisig Mix","Karawila","kg",12,2.106741573033708,25.280898876404496,null,null,"Cabbage","kg",17,0.5333333333333333,9.066666666666666]
["Mama Sita-Palabok","Potato","kg",50,1.54,77,null,null,"Chilli","kg",2,1.7142857142857142,3.4285714285714284]
["Mama Sita-Caldereta","pumpkin","kg",27,1.25,33.75,null,null,"Egg Plants","kg",8,0.8888888888888888,7.111111111111111]
["Magic Sarap","Radish","kg",5,1,5,null,null,"Garlic","kg",2,4,8]
["Mactches Box","Lettiues","kg",8,1.5,12,null,null,"Ginger","kg",3,2.6666666666666665,8]
["Mayonnaise","Appel","box",2,28,56,null,null,"loki","kg",15,1.2,18]
["Musterd Seed",null,null,"Total ",null,2431.093442124124,null,null,"Long Beans","kg",8,1.9,15.2]
["Musterd Paste",{"$nulls":7},"Tomato","kg",15,0.9300699300699301,13.951048951048952]
["Musterd Paste",{"$nulls":7},"Onion","kg",45,1.1,49.50000000000001]
["Musterd Oil",{"$nulls":7},"Potato","kg",46,1.54,70.84]
["Orris Water(Kewda Water)",{"$nulls":7},"Pumpkin ","kg",20,1.25,25]
["Oyester Sauce",{"$nulls":7},"Palaka","kg",2,10,20]
["Oats",{"$nulls":7},"Radish","kg",8,1,8]
["Oats",{"$nulls":10},"Total ",2992.318402010506]
["Kare Kare Mix"]
["Panacake Syrup"]
["Peanut Butter"]
["Peanut"]
["Pinapple Slices"]
["Plain Medammes(Premium Fave Beans)"]
["Pinapple Essence"]
["Pancit Canton"]
["Qusuri Methi"]
["Rose Water"]
["Rose Water"]
["Red Essence"]
["Red Kidny Beans-Boil"]
["Spegathi- Panne"]
["Spegathi"]
["Spegathi"]
["Sambar Powder"]
["Sago Seeds"]
["Sinigang Mix"]
["Seasam Seed"]
["Star Seeds"]
["Shrimp Past"]
["Sweet Corn"]
["Sweet Saunf"]
["Soya Souce"]
["Soya Souce"]
["Soda Powder"]
["Sweet Chilli Sauce"]
["Tamarind"]
["Tomato Past"]
["Tomato Past"]
["Tomato Ketchup"]
["Tomato Ketchup-Portion"]
["Tomato Ketchup"]
["Tomato Ketchup"]
["Tomato Ketchup"]
["Tomato Pronto"]
["Tuermaeric Powder"]
["Tuermaeric Powder"]
["Tuermaeric Powder"]
["Vermicelli"]
["Vermicelli-Dunbi"]
["White Viniger"]
["White Viniger"]
["White Peper Powder"]
["Yeast"]
["DAL & SEEDS ITEM"]
["Black Chana"]
["Black Chana"]
["Black Eye Beans"]
["Chana Dal "]
["Chana Dal "]
["Chick Peas (White Channa) 14mm"]
["Chick Peas (White Channa) 14mm"]
["Chick Peas (White Channa) 09mm"]
["Coconut Powder "]
["Coconut Powder "]
["Green Peace "]
["Green Peace "]
["Kiss Miss (Plums)"]
["Kiss Miss (Plums)"]
["Masoor Dal 777 India"]
["Masoor Dal 777 India"]
["Masoor Whole"]
["Mix Veg. Pickel"]
["Mix Fruit Jam "]
["Moong Dal"]
["Moong Dal"]
["Moong Whole 777"]
["Moong Whole 777"]
["Moong Whole 777"]
["Milk Powder "]
["Milk Powder -  Volga"]
["Milk Powder -  Volga"]
["Milk Powder -  "]
["Toor dal"]
["Toor dal"]
["Tea Bag(Tea Powder)"]
["Pappad"]
["Evaporated Milk"]
["Evaporated Milk"]
["Rainbow Milk"]
["Rosterd Gram Splits"]
["Red Kidney Beans"]
["Poul Badam"]
["Salt"]
["Salt"]
["Semolina (Rava) "]
["Semolina (Rava) "]
["Soya wadi"]
["Soya Beans"]
["Sugaer"]
["Sugaer"]
["Urad  Whole"]
["Urad Dal "]
["Urad Dal "]
["White Kidny Beans"]
[]
["NON VEGE  ITEM SEA FOODS"]
["Chicken Frank (Sausages)"]
["Chicken Frank (Sausages)"]
["Chicken Leg Quarter"]
["Chicken Leg Quarter"]
["Chicken Breast Brazil"]
["Chicken Shawarma"]
["Chiken Liver"]
["Chicken whole"]
["Chicken Gizzarde"]
["Chicken Gizzarde"]
["Beef Liver"]
["Beef Slices"]
["Beef Slices"]
["Beef Born(Vael Cube)"]
["Fish Boal"]
["Tilapia"]
["Tilapia"]
["E-mola Fish"]
["Pangush Fish"]
["D-Potti"]
["Mutton six way cut"]
["Mutton six way cut"]
["Mutton Cup"]
["Rohu Fish"]
["French Fries"]
["Keskie"]
["Fresh Fish"]
["Fresh Fish-Jesh"]
["Fresh Fish-Tuna"]
["Egg"]
["Egg"]
["Egg"]
["Frozen Vege and  Dairy Product"]
["Mix Vegetabels Frozen"]
["Mix Vegetabels Frozen"]
["Green Peace Frozen"]
["Bhind-Frozen Okra"]
["Cut Beens"]
["Fresh Full Cream Milk"]
["Flavourd Milk"]
["Yoghurt"]
["Yoghurt"]
[]
["ATTA & MAIDA"]
["Maida Bakery Floure 1"]
["Tandoori Atta"]
["Chappathi Atta"]
["Chakki Atta"]
[]
["OIL & GHEE"]
["Vegetable Oil -  "]
["Vegetable Oil -  "]
["Sun flower Oil"]
["Sun flower Oil"]
["Olive Oil"]
[]
[]
["RICE"]
["Sona Masoori Rice"]
["Sona Masoori Rice"]
["Mota Rice (Sella) Buryani"]
["Mota Rice (Sella) Buryani"]
["Mota Rice (Sella) Buryani"]
["Palakkadan Matta Rice"]
["Palakkadan Matta Rice"]
["Jasmin Rice"]
["Jasmin Rice"]
["Sara Classic Pr11 Rice"]
["Blue King Long Grain Rice"]
["Ponni Rice"]
["Itly Rice"]
["Itly Rice"]
["PACKIN & CLEANING"]
["8389 Aluminuim Containers"]
["8342 Aluminuim Containers"]
["Aluminium Foil 30cm1.5kg"]
["Aluminium Foil 30cm1.5kg"]
["250 CC plastic Containers"]
["250 CC plastic Containers"]
["350/400 CC Plastic Container"]
["75 cc white cup"]
["Clean Film"]
["Clean Film- 300mm x1.3kg"]
["Plastic Fork"]
["Plastic Spoon"]
["Plastic Kneif"]
["Face Marsk"]
["Hand Gloves"]
["Max Tissu Roll"]
["Max Tissu Roll"]
["Smokey Bag"]
["Shopping Bag"]
["Shopping Bag"]
["Disposabale Cup 5 oz"]
["Garbage Bag"]
["Garbage Bag"]
["6.5 oz Tea Cup Peper"]
["Apron "]
["Bio Degrebale HDPE Clear Gloves (100*100)"]
["Neat CAP"]
["Neat CAP"]
["Foam Plate 7 in 25s"]
["1000cc Plastci Reactangel Containers"]
["Tissues Box"]
[" CLEANING MEATIRIAL"]
["Antiseptic Liquid"]
["Clorox"]
["Dish Wash "]
["Glass Cleaners "]
["Hevey Duty Degreaser (5lt)"]
["Hand Wash (5lt)"]
["Hand Sanctizer (5lt)"]
["Hand Sanctizer (600ml)"]
["Tabel Sanctizer (1 lt)"]
["Sponch"]
["Steel Whole"]
["Cockroach Killer"]
["Wiper Plastic"]
[]
["Bakeries   Iterm"]
["Super Jambo"]
["Super Jambo Brown"]
["Jelabi"]
[]
["Vegetable and Fruits"]
["Beans"]
["Beans Green"]
["Bhindi"]
["Bhindi"]
["Broccoli"]
["Banana"]
["Carrot"]
["Carrot"]
["Capsicum"]
["Capsicum"]
["Capsicum"]
["Cauliflower"]
["Cauliflower"]
["Cucumber "]
["Cucumber "]
["Cucumber "]
["Cabbage"]
["Cabbage"]
["Cabbage"]
["Chilli"]
["Chilli"]
["Chilli"]
["Curry Leaf"]
["Cellry Stick"]
["Cellry Stick"]
["Coriander Liver"]
["Coriander Liver"]
["Cumbla (white pumpkin)"]
["Coconut Fresh"]
["Egg Plants"]
["Egg Plants"]
["Egg Plants"]
["Garlic"]
["Garlic"]
["Garlic"]
["Ginger"]
["Ginger"]
["Greaps"]
["Long Padawal"]
["Leeaf"]
["Tomato"]
["Tomato"]
["Tomato"]
["Onion"]
["Onion"]
["Onion"]
["White Onion"]
["Karawila"]
["Karawila"]
["Potato"]
["Potato"]
["Potato"]
["Papaya"]
["Papaya"]
["Methie"]
["Parsliy"]
["Palaka"]
["Palaka"]
["Spring Onion"]
["Radish"]
["Red Jiera"]
["Red Jiera"]
["Lettiues"]
["Lettiues"]
["Speanich (poyshok-Nivithi)"]
["Appel"]
["Speanich (poyshok-Nivithi)"]
["Lettiues"]
["Oreang"]
["Oreang"]
["Water Melon"]
["Water Melon"]
["Kusaha"]
["Kusaha"]
["Kusaha"]
["lemon"]
["lemon"]
["Mint"]
["Koddu"]
["Koddu"]
["Red Pumpkin"]
["Red Pumpkin"]
["Red Pumpkin"]
["Small Pumking"]
["Sweet Melon"]
["Red Dragon Fruit"]
["Drumstick"]
["Pineapple Baby"]
["Mango"]
["Cumbla (white pumpkin)"]
["Long Beans"]
["Long Beans"]
["Beet Root"]
["Beet Root"]
["Valleary"]
["Valleary"]
["Valleary"]
["Red Radish"]
["Butter Nut Pumkin"]
["Jatar"]
["Tapioca (Kappa)"]
["Tapioca (Kappa)"]
["Sweet Potato"]
["Yam"]
["Yam"]
["Leaflet Promo"]
["Samoon Small"]
[]
["GAS-CHARCOAL"]
["Charcoal"]
["Charcoal"]

{"sheet":"Sheet3","index":4,"n_rows":13,"n_cols":6,"rows_kept":13,"hidden":true}
[]
["Sr.No.","Points for understanding operations","Person","Rak","Dubai","Requirements"]
[1,"Standard recipe","Manager","80% Done","Done","Operation Supervisor & Head Chef"]
[2,"Ideal Food Cost","Manager","No record","No record"]
[3,"Stock Ordering, approvals","Manager","No procedure","No procedure"]
[4,"Purchase procedure, negotiations, approvals,","Pur.Manager","Yes","Yes"]
[5,"Quality of foods checking.",null,"No procedure","No procedure"]
[6,"Wastage Control",null,"No procedure","No procedure"]
[7,"Maintaining Balance food for next usage"]
[8,"Ammending Standard recipe, Sequence as below"]
[null,"Item Cost - Wastage during cutting - finish product"]
[9,"Item List with price from suppliers"]
[10]

{"sheet":"Petty Cash Fuel RAK ","index":5,"n_rows":42,"n_cols":11,"rows_kept":42,"hidden":true}
["Date","Amount Received","AREA","Description","Vendor","S No.","Date","Bill No","Exclusive of vat 5%","Vat 5%","Amount Paid"]
[null,null,"Catering","36371 Vehicle Fuel","Enoc Retail llc",19,"2022-11-12",6568,{"v":95.23809523809524,"d":"95.24"},{"v":4.761904761904759,"d":"4.76"},{"v":100,"d":"100.00"}]
[null,null,"Catering","41286 Vehicle Fuel","Enoc Retail llc",20,"2022-11-12",4137,{"v":95.23809523809524,"d":"95.24"},{"v":4.761904761904759,"d":"4.76"},{"v":100,"d":"100.00"}]
[null,null,"Catering","41286 Vehicle Fuel","Adnoc Distribution",23,"2022-11-15",44590,{"v":95.23809523809524,"d":"95.24"},{"v":4.761904761904759,"d":"4.76"},{"v":100,"d":"100.00"}]
[null,null,"Catering","41286 Vehicle Fuel","Emarat al Rawda",52,"2022-11-22",84117,{"v":109.65714285714286,"d":"109.66"},{"v":5.482857142857142,"d":"5.48"},115.14]
[null,null,"Catering","41286 Vehicle Fuel","Enoc Retail llc",53,"2022-11-20",767,{"v":106.66666666666666,"d":"106.67"},{"v":5.333333333333343,"d":"5.33"},{"v":112,"d":"112.00"}]
[null,null,"Catering","41286 Vehicle Fuel","Adnoc Distribution",54,"2022-11-17",27257,{"v":95.23809523809524,"d":"95.24"},{"v":4.761904761904759,"d":"4.76"},{"v":100,"d":"100.00"}]
[null,null,"Catering","41286 Vehicle Fuel","Enoc Retail llc",5,"2022-11-10",7958,{"v":95.23809523809524,"d":"95.24"},{"v":4.761904761904759,"d":"4.76"},{"v":100,"d":"100.00"}]
[null,null,"Catering","41286 Vehicle Fuel","Adnoc Distribution",7,"2022-11-06",283887,{"v":95.23809523809524,"d":"95.24"},{"v":4.761904761904759,"d":"4.76"},{"v":100,"d":"100.00"}]
[null,null,"Catering","41286 Vehicle Fuel","Enoc Retail llc",9,"2022-11-08",1591,{"v":95.23809523809524,"d":"95.24"},{"v":4.761904761904759,"d":"4.76"},{"v":100,"d":"100.00"}]
[null,null,"Catering","41286 Vehicle Fuel","Adnoc Distribution",5,"2022-11-04",15934,{"v":102.85714285714285,"d":"102.86"},{"v":5.142857142857153,"d":"5.14"},{"v":108,"d":"108.00"}]
[null,null,"Catering","36371 Vehicle Fuel","Enoc Retail llc",32,"2022-11-15",9282,{"v":142.85714285714286,"d":"142.86"},{"v":7.142857142857139,"d":"7.14"},{"v":150,"d":"150.00"}]
[null,null,"Catering","36371 Vehicle Fuel","Enoc Retail llc",6,"2022-11-19",3073,{"v":142.85714285714286,"d":"142.86"},{"v":7.142857142857139,"d":"7.14"},{"v":150,"d":"150.00"}]
[null,null,"Catering","36371 Vehicle Fuel","Enoc Retail llc",8,"2022-11-05",7002,{"v":142.85714285714286,"d":"142.86"},{"v":7.142857142857139,"d":"7.14"},{"v":150,"d":"150.00"}]
[null,null,"Catering","36371 Vehicle Fuel","Enoc Retail llc",10,"2022-11-08",1911,{"v":95.23809523809524,"d":"95.24"},{"v":4.761904761904759,"d":"4.76"},{"v":100,"d":"100.00"}]
[null,null,"Catering ","36371 Vehicle Fuel","Enoc Retail llc",43,"2022-11-01",6412,{"v":142.85714285714286,"d":"142.86"},{"v":7.142857142857139,"d":"7.14"},{"v":150,"d":"150.00"}]
[null,null,"Catering","3541 Vehicle Fuel","Enoc Retail llc",21,"2022-11-12",3147,{"v":38.095238095238095,"d":"38.10"},{"v":1.904761904761905,"d":"1.90"},{"v":40,"d":"40.00"}]
[null,null,"Catering","3541 Bike Fuel","Enoc Retail llc",13,"2022-11-02",7415,{"v":38.095238095238095,"d":"38.10"},{"v":1.904761904761905,"d":"1.90"},{"v":40,"d":"40.00"}]
[null,null,"Catering ","3541 Bike Fuel","Enoc Retail llc",null,"2022-11-05",6790,{"v":42.87619047619048,"d":"42.88"},{"v":2.143809523809523,"d":"2.14"},45.02]
[null,null,"Catering","3541 Bike Fuel","Enoc Retail llc",28,"2022-11-20",3480,{"v":38.095238095238095,"d":"38.10"},{"v":1.904761904761905,"d":"1.90"},{"v":40,"d":"40.00"}]
[null,null,"Catering",null,"Adnoc Distribution",6,"2022-11-02",14082,{"$f":"K21/105%","v":{"v":104.17142857142856,"d":"104.17"}},{"$f":"K21-I21","v":{"v":5.208571428571432,"d":"5.21"}},109.38]
[]
[{"$nulls":8},{"$f":"SUM(I2:I22)","v":{"v":1913.847619047619,"d":"1913.85"}},{"$f":"SUM(J2:J22)","v":{"v":95.69238095238093,"d":"95.69"}},2009.54]
[]
[]
[]
[]
[]
["Date","Amount Received","AREA","Description","Vendor","S No.","Date","Bill No","Exclusive of vat 5%","Vat 5%","Amount Paid"]
[null,null,"Office","97984 Vehicle Fuel","Adnoc Distribution",29,"2022-11-21",85187,{"v":128.57142857142856,"d":"128.57"},{"v":6.428571428571445,"d":"6.43"},{"v":135,"d":"135.00"}]
[null,null,"Office","15398 Vehicle Fuel","Enoc Retail llc",44,"2022-11-21",4728,{"v":209.52380952380952,"d":"209.52"},{"v":10.476190476190482,"d":"10.48"},{"v":220,"d":"220.00"}]
[null,null,"Office","97984 Vehicle Fuel","Adnoc Distribution",55,"2022-11-24",52356,{"v":109.5142857142857,"d":"109.51"},{"v":5.4757142857142895,"d":"5.48"},114.99]
[null,null,"Office","15398 Vehicle fuel","Adnoc Distribution",22,"2022-11-13",61434,{"v":200,"d":"200.00"},{"v":10,"d":"10.00"},{"v":210,"d":"210.00"}]
[null,null,"Office","97984 Vehicle Fuel","Adnoc Distribution",28,"2022-11-16",44209,{"v":123.87619047619046,"d":"123.88"},{"v":6.193809523809534,"d":"6.19"},130.07]
[null,null,"Office","97984 Vehicle Fuel","Adnoc Distribution",34,"2022-11-13",19972,{"v":95.23809523809524,"d":"95.24"},{"v":4.761904761904759,"d":"4.76"},{"v":100,"d":"100.00"}]
[null,null,"Office","97984 Vehicle Fuel","Adnoc Distribution",38,"2022-11-08",29639,{"v":119.05714285714286,"d":"119.06"},{"v":5.952857142857141,"d":"5.95"},125.01]
[null,null,"Office","15398 Vehicle Fuel","Adnoc Distribution",41,"2022-11-08",285876,{"v":209.52380952380952,"d":"209.52"},{"v":10.476190476190482,"d":"10.48"},{"v":220,"d":"220.00"}]
[null,null,"Office","15398 Vehicle Fuel","Adnoc Distribution",42,"2022-11-05",256215,{"v":209.52380952380952,"d":"209.52"},{"v":10.476190476190482,"d":"10.48"},{"v":220,"d":"220.00"}]
[null,null,"Office","97984 Vehicle Fuel","Adnoc Distribution",56,"2022-11-02",null,{"v":114.28571428571428,"d":"114.29"},{"v":5.714285714285722,"d":"5.71"},{"v":120,"d":"120.00"}]
[]
[{"$nulls":8},{"$f":"SUM(I30:I40)","v":{"v":1519.1142857142854,"d":"1519.11"}},{"$f":"SUM(J30:J40)","v":{"v":75.95571428571434,"d":"75.96"}},1595.07]
[{"$nulls":8},{"$f":"I41/2","v":759.5571428571427}]